| 000 | 01060nam a2200301 i 4500 | ||
|---|---|---|---|
| 001 | 016485552 | ||
| 003 | OSt | ||
| 005 | 20201128021213.0 | ||
| 008 | 131213t2014 xxkadk frb 001 0 eng d | ||
| 020 | _a9781292025841 (pbk.) | ||
| 020 | _a1292025840 (pbk.) | ||
| 040 |
_aStDuBDS _beng _cStDuBDS _dUk _dEG-ScBUE |
||
| 082 | 0 | 0 |
_a004 _222 _bBRY |
| 100 | 1 |
_aBryant, Randal E. _937427 |
|
| 245 | 1 | 0 |
_aComputer systems : _ba programmer's perspective / _cRandal E. Bryant, David R. O'Hallaron. |
| 250 |
_a2nd ed., _bPearson new international ed. |
||
| 260 |
_aHarlow, United Kingdom : _bPearson Education Limited, _cc.2014. |
||
| 300 |
_aii, 962 p. : _bchart, forms, tables ; _c28 cm. |
||
| 500 | _aIndex : p. 949-962. | ||
| 504 | _aBibliography : p. 944-948. | ||
| 650 | 0 |
_aComputer systems _937428 |
|
| 650 | 0 |
_aComputer programming _93821 |
|
| 650 | 0 |
_aUser interfaces (Computer systems) _92676 |
|
| 653 |
_bENGELC _cFebruary2015 |
||
| 655 |
_vreading book _934232 |
||
| 700 | 1 |
_aO’Hallaron, David R. _q(Davie Richard), _d1955- _937429 |
|
| 942 |
_2ddc _k004 BRY |
||
| 999 |
_c18986 _d18958 |
||